| 000 | 00520 a2200205 4500 | ||
|---|---|---|---|
| 001 | 108507 | ||
| 020 | _a9780062004000 | ||
| 041 | _apor | ||
| 090 | _aJK [E] | ||
| 100 | _aWillems, Mo. | ||
| 250 | _a. ed. | ||
| 300 | _a1 v.(unpaged) | ||
| 697 | _aAlligators - Fiction. | ||
| 697 | _aFriendship - Fiction. | ||
| 856 | _u00001a/00001ab2.jpg | ||
| 040 |
_aBR-BrIDEA _cBR-BrIDEA |
||
| 245 | 1 | 0 |
_aHooray for Amanda & her alligator! _c Mo Willems |
| 260 |
_a[S.l.] _bHyperion Books for Children _c2011 |
||
| 942 | _cBK | ||
| 999 |
_c108507 _d108507 |
||